000 00804nam a22002177i 4500
003 URS
005 20251001091319.0
008 161026s1997 -us||||| |||| 00| 0 eng d
040 _beng
_erda
_cURS
050 1 4 _aLB15
_b.B3894 1997
100 1 _aBeckoff, Samuel
_eauthor
245 1 0 _aTeacher's guide :
_bIntroduction to the short story, Introduction to drama, Introduction to poetry,Introduction to nonfiction /
_cSamuel Beckoff, A. Barnett Langdale
264 1 _aUnited States of America :
_bLitton Educational Publishing, Inc.
_c[date of publication not identified].
264 1 _c©1997
300 _c20 cm.
_a148 pages ;
336 _atext
_btxt
_2rdacontent
337 _aunmediated
_bn
_2rdamedia
338 _avolume
_bnc
_2rdacarrier
650 0 _aLiterature
_xStudy and teaching
942 _2lcc
_cFR
999 _c87025
_d87023